00485nam a2200157Ia 450000500170000000800410001708200130005810000160007124500220008726000640010930000130017350000210018694200060020795200990021399900150031220250508051346.0240331s9999 xx 000 0 und d bMAHa891 aMahendran,K 0aThoovanam kavanam aTellippalaibLyceum of Literary and Aesthetic Studiesc1988 a152 p ., aA Novel in Tamil cL 001040708LaWERCLbWERCLcSSCd2024-03-31l0o 894.811 MAHp6295r2024-03-31w2024-03-31yL c5633d5633